Важные машины (Запись № 1572797)

Подробности
000 -МАРКЕР
контрольное поле 01281nam0a2200325 4500
001 - ИДЕНТИФИКАТОР ЗАПИСИ
контрольное поле RU\NLR\bibl\1769299
005 - ИДЕНТИФИКАТОР ВЕРСИИ
контрольное поле 20260406085148.0
010 ## - МЕЖДУНАРОДНЫЙ СТАНДАРТНЫЙ НОМЕР КНИГИ (ISBN)
Номер (ISBN) 978-5-93833-726-8
Тираж 2500
021 ## - НОМЕР ГОСУДАРСТВЕННОЙ РЕГИСТРАЦИИ
Код страны Российская Федерация
Номер 2011-29958
Номер Листа государственной регистраци 2125
021 ## - НОМЕР ГОСУДАРСТВЕННОЙ РЕГИСТРАЦИИ
Код страны Российская Федерация
Номер 2013-4161
Номер Листа государственной регистраци 290
035 ## - ДРУГИЕ СИСТЕМНЫЕ НОМЕРА
Идентификатор записи (nilc)RSL-KNO-004933203
035 ## - ДРУГИЕ СИСТЕМНЫЕ НОМЕРА
Идентификатор записи (NLR Aleph) 001760083
100 ## - ДАННЫЕ ОБЩЕЙ ОБРАБОТКИ
Данные общей обработки 20110425d2011 |||y0rusy50 ca
101 0# - ЯЗЫК РЕСУРСА
Язык текста, звукозаписи и т.д. русский
102 ## - СТРАНА ПУБЛИКАЦИИ ИЛИ ПРОИЗВОДСТВА
Страна публикации Российская Федерация
105 ## - ПОЛЕ КОДИРОВАННЫХ ДАННЫХ: ТЕКСТОВЫЕ МАТЕРИАЛЫ, МОНОГРАФИЧЕСКИЕ
Кодированные данные о монографическом текстовом документе a zzzz|||||
200 1# - ЗАГЛАВИЕ И СВЕДЕНИЯ ОБ ОТВЕТСТВЕННОСТИ
Основное заглавие Важные машины
Сведения, относящиеся к заглавию [для дошкольного возраста
-- родителям для чтения вслух и показа детям]
Первые сведения об ответственности Е. Кузьмин
Последующие сведения об ответственности [худож. И. Цыганков]
210 ## - ПУБЛИКАЦИЯ, РАСПРОСТРАНЕНИЕ И ДР.
Место издания, распространения и т.д. Москва
Имя издателя, распространителя и т. д. Мир Искателя
Дата издания, распространения и т.д. 2011
215 ## - ФИЗИЧЕСКАЯ ХАРАКТЕРИСТИКА
Специфическое обозначение материала и объем [8] с.
Другие сведения о физической характеристике цв. ил.
Размеры 22
225 1# - СЕРИЯ
Основное заглавие серии Неваляшка
700 #1 - ИМЯ ЛИЦА - ПЕРВИЧНАЯ ОТВЕТСТВЕННОСТЬ
Код отношения Автор
Материалы, к которым относится поле rus
Графика поля Кириллица
Начальный элемент ввода Кузьмин
Часть имени, кроме начального элемента ввода Е. Ф.
Дополнения к именам, кроме дат педагог-методист
Расширение инициалов личного имени Евгений Федорович
Идентификатор авторитетной/нормативной записи RU\NLR\auth\7754131
Системный номер авторитетной/нормативной записи 37063
702 #1 - ИМЯ ЛИЦА - ВТОРИЧНАЯ ОТВЕТСТВЕННОСТЬ
Код отношения Иллюстратор
Материалы, к которым относится поле rus
Графика поля Кириллица
Начальный элемент ввода Цыганков
Часть имени, кроме начального элемента ввода И. А.
Дополнения к именам, кроме дат художник
Расширение инициалов личного имени Иван Антонович
Идентификатор авторитетной/нормативной записи RU\NLR\AUTH\7754036
Системный номер авторитетной/нормативной записи 36968
801 #0 - ИСТОЧНИК ЗАПИСИ
Страна Российская Федерация
Организация RuMoRKP
Дата составления 20110425
801 #1 - ИСТОЧНИК ЗАПИСИ
Страна Российская Федерация
Организация RuMoRGB
Дата составления 20110425
801 #2 - ИСТОЧНИК ЗАПИСИ
Страна Российская Федерация
Организация NLR
Дата составления 20110516
Правила каталогизации rcr
942 ## - ДОПОЛНИТЕЛЬНЫЕ ЭЛЕМЕНТЫ ЗАПИСИ (АБИС)
Тип экземпляра АБИС Книга
980 ## - КОЛЛЕКЦИЯ
Название коллекции Национальная библиография
980 ## - КОЛЛЕКЦИЯ
Название коллекции НБР
Экземпляры
Тип экземпляра Дата поступления Источник поступления Библиотека постоянного хранения Библиотека текущего хранения Место хранения Шифр хранения Штрих-код Статус экземпляра Публичное примечание
Книга 16.05.2011 Обязательный экземпляр РНБ (Московский) РНБ (Московский) Русский книжный фонд: издания с 1957 года 2011-6/588 3417544    
Книга 16.05.2011 Обязательный экземпляр РНБ (Московский) РНБ (Московский) Обменный фонд   3417545    
Книга 06.02.2013 Обязательный экземпляр РНБ (Московский) РНБ (Московский) Обменный фонд   3821669    
Книга 06.02.2013 Обязательный экземпляр РНБ (Московский) РНБ (Московский) Обменный фонд   3821671    
Книга 27.05.2014 Обязательный экземпляр РНБ (Московский) РНБ (Московский) Обменный фонд   1-506195   Y
Книга 27.05.2014 Обязательный экземпляр РНБ (Московский) РНБ (Московский) Обменный фонд   1-506190   Y